[Event "SC 1868 Bamberg 1-SK Schwandorf 1"]
[Site "?"]
[Date "2024.01.14"]
[Round "4.8"]
[White "Demchenko, Yaroslav"]
[Black "Paar, Johannes"]
[Result "0-1"]
[WhiteElo "2096"]
[BlackElo "1947"]
[PlyCount "58"]
[EventDate "2024.??.??"]
[WhiteTeam "SC 1868 Bamberg 1"]
[BlackTeam "SK Schwandorf 1"]

1. e4 c5 2. Nf3 e6 3. d4 cxd4 4. Nxd4 Nc6 5. Nc3 Qc7 6. g3 d6 7. Bg2 Nf6 8. O-O Be7 9. Ndb5 Qb8 10. Bf4 Ne5 11. Qd4 a6 12. Nxd6+ Bxd6 13. Rad1 Ke7 14. Rfe1 Nfd7 15. Be3 f6 16. f4 Ng4 17. b4 Bc7 18. Na4 Nxe3 19. Rxe3 Qa7 20. Qd2 b5 21. e5 Rb8 22. exf6+ gxf6 23. Qf2 Kf7 24. f5 e5 25. Bd5+ Kg7 26. Nc3 Bb6 27. Rdd3 Bxe3 28. Rxe3 Qd4 29. Qf3 Bb7 0-1

[Event "SG PS Regensburg 1-TSV Trostberg 1"]
[Site "?"]
[Date "2024.02.04"]
[Round "5.1"]
[White "Bauer, Sebastian"]
[Black "Schmid, Roland"]
[Result "1-0"]
[WhiteElo "2288"]
[BlackElo "2209"]
[PlyCount "85"]
[EventDate "2024.??.??"]
[WhiteTeam "TSV Trostberg 1"]
[BlackTeam "SG PS Regensburg 1"]

1. e4 c5 2. Nf3 e6 3. Nc3 Nc6 4. g3 d5 5. Bg2 Nf6 6. d3 b5 7. exd5 exd5 8. O-O b4 9. Re1+ Be7 10. Ne2 O-O 11. Nf4 Rb8 12. Ne5 Nxe5 13. Rxe5 Bd6 14. Re1 Bg4 15. Bf3 Bxf3 16. Qxf3 Bxf4 17. Bxf4 Rb6 18. c3 Qd7 19. c4 Re6 20. Re5 Rxe5 21. Bxe5 Ng4 22. Bf4 dxc4 23. dxc4 Re8 24. Rd1 Qf5 25. Kg2 Nf6 26. b3 h6 27. Be3 Qc2 28. Rd2 Qc3 29. Bf4 Qa1 30. Re2 Rxe2 31. Qxe2 Qb1 32. Be3 Ne4 33. Qg4 Nf6 34. Qe2 Ne4 35. h3 Nc3 36. Qg4 f5 37. Qf3 Qxa2 38. Qxf5 Qxb3 39. Qe6+ Kh7 40. Bxc5 a5 41. Qf5+ Kg8 42. Qf8+ Kh7 43. Bd4 1-0

[Event "SG PS Regensburg 1-TSV Trostberg 1"]
[Site "?"]
[Date "2024.02.04"]
[Round "5.2"]
[White "Loos, Roland"]
[Black "Weiss, Christian"]
[Result "0-1"]
[WhiteElo "2234"]
[BlackElo "2343"]
[PlyCount "124"]
[EventDate "2024.??.??"]
[WhiteTeam "SG PS Regensburg 1"]
[BlackTeam "TSV Trostberg 1"]

1. d4 Nf6 2. c4 e6 3. Nf3 c5 4. d5 exd5 5. cxd5 d6 6. Nc3 g6 7. g3 Bg7 8. Bg2 O-O 9. O-O a6 10. a4 Nbd7 11. Nd2 Ne8 12. Nc4 Ne5 13. Ne3 f5 14. f4 Nf7 15. Nc4 Nf6 16. a5 Rb8 17. Nb6 Re8 18. Ra4 Re7 19. Re1 Bd7 20. Nxd7 Qxd7 21. e4 fxe4 22. Nxe4 Rbe8 23. Nxf6+ Bxf6 24. Rae4 Bd4+ 25. Kh1 Rxe4 26. Bxe4 Qb5 27. Qc2 Kg7 28. h4 Qxa5 29. Rf1 Qb5 30. Kg2 Nh6 31. h5 Nf5 32. g4 Ng3 33. Bd3 c4 34. Bxc4 Rc8 35. Bxb5 Rxc2+ 36. Kxg3 axb5 37. hxg6 hxg6 38. Kf3 Kf7 39. b3 b4 40. Ke4 Bc5 41. f5 gxf5+ 42. Kxf5 Rc3 43. g5 Rxb3 44. g6+ Kg8 45. Bg5 Rb2 46. Re1 Rf2+ 47. Bf4 b3 48. Kg5 Kf8 49. Kh6 Rxf4 50. g7+ Kf7 51. Re7+ Kxe7 52. g8=Q Rb4 53. Qg7+ Kd8 54. Qb2 Kc7 55. Kg6 Kb6 56. Kf5 Kb5 57. Ke6 Bd4 58. Qb1 Be5 59. Kd7 b2 60. Kc8 Kc4 61. Kb8 Kc3 62. Ka8 Ra4+ 0-1

[Event "SG PS Regensburg 1-TSV Trostberg 1"]
[Site "?"]
[Date "2024.02.04"]
[Round "5.3"]
[White "Windhager, Hannes"]
[Black "Pohl-Kuemmel, Jens-Uwe"]
[Result "1/2-1/2"]
[WhiteElo "2239"]
[BlackElo "2222"]
[PlyCount "118"]
[EventDate "2024.??.??"]
[WhiteTeam "TSV Trostberg 1"]
[BlackTeam "SG PS Regensburg 1"]

1. e4 c5 2. Nf3 e6 3. d4 cxd4 4. Nxd4 a6 5. Bd3 Nf6 6. O-O d6 7. c4 Be7 8. Nc3 O-O 9. Be3 b6 10. f4 Bb7 11. f5 e5 12. Nb3 Nbd7 13. Qf3 Kh8 14. Rad1 Rg8 15. Rd2 Ne8 16. a4 Bg5 17. Qg3 Bxe3+ 18. Qxe3 Rc8 19. Be2 Qh4 20. g3 Qe7 21. Rfd1 h6 22. a5 Nc5 23. Nxc5 bxc5 24. Na4 Bc6 25. Nb6 Rd8 26. Bd3 Nf6 27. Bc2 Qc7 28. h3 Rge8 29. g4 Kg8 30. Kh2 Kf8 31. Rg1 Nh7 32. h4 f6 33. Bd1 Qe7 34. Bf3 Rb8 35. Rgd1 Red8 36. Rd3 Qc7 37. Kh3 Ke7 38. Qd2 Nf8 39. Kh2 Nh7 40. Rg1 Qb7 41. Qe3 Qc7 42. Rgd1 Nf8 43. b4 cxb4 44. c5 Kf7 45. cxd6 Qb7 46. Rb3 Nd7 47. Rxb4 Bb5 48. Be2 Nxb6 49. Bxb5 axb5 50. Rxb5 Qc6 51. Rxb6 Rxb6 52. axb6 Qc2+ 53. Qd2 Qxe4 54. d7 Qxg4 55. Qd5+ Kf8 56. Qd6+ Kg8 57. Qd5+ Kh7 58. b7 Rxd7 59. Qxd7 Qe2+ 1/2-1/2

[Event "SG PS Regensburg 1-TSV Trostberg 1"]
[Site "?"]
[Date "2024.02.04"]
[Round "5.4"]
[White "Quast, Michael"]
[Black "Hinterreiter, Markus"]
[Result "1/2-1/2"]
[WhiteElo "2211"]
[BlackElo "2298"]
[PlyCount "82"]
[EventDate "2024.??.??"]
[WhiteTeam "SG PS Regensburg 1"]
[BlackTeam "TSV Trostberg 1"]

1. d4 d5 2. Bf4 c5 3. e3 Nc6 4. c3 Bf5 5. Nd2 e6 6. Ngf3 Qb6 7. Qb3 c4 8. Qxb6 axb6 9. a3 f6 10. h3 Bg6 11. Be2 Nge7 12. O-O Nc8 13. Rfe1 Kd7 14. e4 Bd6 15. Bxd6 Nxd6 16. exd5 exd5 17. Nh4 Bf7 18. Bg4+ Kc7 19. Nf5 h5 20. Nxd6 Kxd6 21. Bf3 g5 22. g4 hxg4 23. hxg4 Rh4 24. Nf1 Ne7 25. Ng3 Be6 26. Re3 Bxg4 27. Rae1 Ng8 28. Bxg4 Rxg4 29. Re6+ Kc7 30. Kg2 Rd8 31. Re8 Rh4 32. Rxd8 Kxd8 33. Re6 Rh7 34. Nf5 Kc7 35. Re8 Nh6 36. Ne3 Rd7 37. Rh8 Nf7 38. Rf8 Kd6 39. Nf5+ Kc7 40. Ne3 Kd6 41. Nf5+ Kc7 1/2-1/2

[Event "SG PS Regensburg 1-TSV Trostberg 1"]
[Site "?"]
[Date "2024.02.04"]
[Round "5.5"]
[White "Knoll, Hermann"]
[Black "Wutz, Christoph"]
[Result "1/2-1/2"]
[WhiteElo "2206"]
[BlackElo "2174"]
[PlyCount "90"]
[EventDate "2024.??.??"]
[WhiteTeam "TSV Trostberg 1"]
[BlackTeam "SG PS Regensburg 1"]

1. d4 d5 2. Nf3 Nf6 3. c4 e6 4. Nc3 c6 5. e3 Nbd7 6. Qc2 Bd6 7. Be2 dxc4 8. Bxc4 b5 9. Be2 Bb7 10. O-O a6 11. a4 b4 12. Nb1 O-O 13. Nbd2 Rc8 14. Nc4 Be7 15. e4 c5 16. e5 Be4 17. Qb3 Ne8 18. Rd1 Qc7 19. Bf4 Qb7 20. Rac1 cxd4 21. Rxd4 Bc5 22. Na5 Qb6 23. Rxd7 Qxa5 24. Ng5 Bg6 25. h4 h6 26. Nh3 Nc7 27. Bf3 Na8 28. h5 Bh7 29. Bxa8 Rxa8 30. Qg3 Kh8 31. Bxh6 gxh6 32. Qf4 Rad8 33. Qxh6 Bxf2+ 34. Nxf2 Qxe5 35. Rcd1 Rc8 36. Ng4 Qg7 37. Qxg7+ Kxg7 38. R1d6 Rc2 39. Rxa6 Rxb2 40. h6+ Kg6 41. Raa7 b3 42. Ne5+ Kxh6 43. Nxf7+ Kh5 44. Ra5+ Bf5 45. Nd6 Ra2 1/2-1/2

[Event "SG PS Regensburg 1-TSV Trostberg 1"]
[Site "?"]
[Date "2024.02.04"]
[Round "5.6"]
[White "Werner, Claus"]
[Black "Mostbauer, Florian"]
[Result "0-1"]
[WhiteElo "2141"]
[BlackElo "2318"]
[PlyCount "52"]
[EventDate "2024.??.??"]
[WhiteTeam "SG PS Regensburg 1"]
[BlackTeam "TSV Trostberg 1"]

1. e4 c6 2. d3 d5 3. Nd2 e5 4. Ngf3 Bd6 5. g3 f5 6. Bg2 Nf6 7. O-O O-O 8. c4 fxe4 9. dxe4 d4 10. Ne1 c5 11. Nd3 Nc6 12. h3 Qe8 13. Qe2 Bd7 14. b3 Kh8 15. Ba3 b6 16. Rae1 a5 17. Nf3 Qh5 18. Nh4 a4 19. Bc1 Qxe2 20. Rxe2 axb3 21. axb3 Ra1 22. Bb2 Rxf1+ 23. Kxf1 Na5 24. Nf5 Bxf5 25. exf5 Nxb3 26. Nxe5 Bxe5 0-1

[Event "SG PS Regensburg 1-TSV Trostberg 1"]
[Site "?"]
[Date "2024.02.04"]
[Round "5.7"]
[White "Huch, Reiner"]
[Black "Gruber, Roland"]
[Result "1-0"]
[WhiteElo "2206"]
[BlackElo "2093"]
[PlyCount "43"]
[EventDate "2024.??.??"]
[WhiteTeam "TSV Trostberg 1"]
[BlackTeam "SG PS Regensburg 1"]

1. d4 g6 2. e4 Bg7 3. Nf3 b6 4. Bc4 Bb7 5. O-O e6 6. d5 Ne7 7. Nc3 a6 8. a4 h6 9. Bf4 Qc8 10. Re1 O-O 11. Bb3 d6 12. e5 dxe5 13. Bxe5 Nxd5 14. Nxd5 exd5 15. Bxg7 Kxg7 16. Bxd5 Nc6 17. Qd2 Nd8 18. Qc3+ Kg8 19. Bb3 Qg4 20. h3 Qf4 21. Ne5 Qg5 22. Ng4 1-0

[Event "SG PS Regensburg 1-TSV Trostberg 1"]
[Site "?"]
[Date "2024.02.04"]
[Round "5.8"]
[White "Heil, Dietmar"]
[Black "Kern, Johannes"]
[Result "0-1"]
[WhiteElo "1936"]
[BlackElo "2148"]
[PlyCount "42"]
[EventDate "2024.??.??"]
[WhiteTeam "SG PS Regensburg 1"]
[BlackTeam "TSV Trostberg 1"]

1. c4 e6 2. Nc3 d5 3. cxd5 exd5 4. d4 c6 5. Bf4 Bd6 6. Bxd6 Qxd6 7. Nf3 Bf5 8. e3 Nd7 9. Bd3 Bxd3 10. Qxd3 Ngf6 11. O-O O-O 12. h3 Rae8 13. b4 Ne4 14. b5 Nxc3 15. bxc6 Qxc6 16. Rac1 Rc8 17. Rc2 b5 18. a3 a5 19. Rfc1 b4 20. axb4 axb4 21. Rb1 Qa4 0-1

[Event "SK Tarrasch Muenchen 1-SK Weilheim 1"]
[Site "?"]
[Date "2024.02.04"]
[Round "5.1"]
[White "Lehner, Oliver"]
[Black "Maksimenko, Andrei"]
[Result "1/2-1/2"]
[WhiteElo "2394"]
[BlackElo "2453"]
[PlyCount "57"]
[EventDate "2024.??.??"]
[WhiteTeam "SK Weilheim 1"]
[BlackTeam "SK Tarrasch München 1"]

1. e4 c5 2. Nf3 a6 3. c3 e6 4. d4 d5 5. e5 Bd7 6. Bd3 cxd4 7. cxd4 Bb5 8. Bc2 a5 9. Nc3 Bc4 10. Bg5 Be7 11. h4 Nc6 12. Ba4 Qb6 13. Bxc6+ Qxc6 14. Bxe7 Nxe7 15. Rc1 O-O 16. h5 h6 17. Qd2 Rfc8 18. g4 Qe8 19. Nh4 Qf8 20. f4 f5 21. exf6 Qxf6 22. Kf2 Nc6 23. Nf3 Nb4 24. Ne5 Nd3+ 25. Kg3 Nxc1 26. Rxc1 Ba6 27. Qe3 b5 28. Nd7 Qe7 29. Nc5 1/2-1/2

[Event "SK Tarrasch Muenchen 1-SK Weilheim 1"]
[Site "?"]
[Date "2024.02.04"]
[Round "5.3"]
[White "Deglmann, Ludwig"]
[Black "Meier, Volker"]
[Result "1/2-1/2"]
[WhiteElo "2208"]
[BlackElo "2190"]
[PlyCount "29"]
[EventDate "2024.??.??"]
[WhiteTeam "SK Weilheim 1"]
[BlackTeam "SK Tarrasch München 1"]

1. f4 Nf6 2. Nf3 g6 3. g3 Bg7 4. Bg2 d5 5. O-O O-O 6. d3 c5 7. c3 Nc6 8. Na3 b6 9. e4 dxe4 10. dxe4 Ba6 11. Re1 Qxd1 12. Rxd1 Rad8 13. Re1 e5 14. f5 h6 15. fxg6 1/2-1/2

[Event "SK Tarrasch Muenchen 1-SK Weilheim 1"]
[Site "?"]
[Date "2024.02.04"]
[Round "5.4"]
[White "Reinhard, Simon"]
[Black "de Francesco, Klaus"]
[Result "1-0"]
[WhiteElo "2102"]
[BlackElo "2126"]
[PlyCount "89"]
[EventDate "2024.??.??"]
[WhiteTeam "SK Tarrasch München 1"]
[BlackTeam "SK Weilheim 1"]

1. d4 Nf6 2. c4 e6 3. Nf3 d5 4. Nc3 c6 5. e3 a6 6. Bd3 b5 7. b3 Nbd7 8. O-O Be7 9. Qc2 b4 10. Ne2 Bb7 11. c5 a5 12. Bb2 Ba6 13. Bxa6 Rxa6 14. a3 bxa3 15. Rxa3 O-O 16. Rfa1 Qc7 17. Bc3 Rfa8 18. b4 Ne4 19. Be1 e5 20. Nc3 Nef6 21. Ne2 Bd8 22. Nc3 e4 23. Nd2 Qb7 24. Qa2 Nb8 25. bxa5 Rxa5 26. Rxa5 Rxa5 27. Na4 Nfd7 28. Qc2 Rb5 29. Rb1 Rxb1 30. Nxb1 h5 31. h3 Bc7 32. Bd2 Nf6 33. Nbc3 Nbd7 34. Na2 Bb8 35. Ba5 Qb5 36. Bd8 Kf8 37. N4c3 Qb7 38. Qa4 Ke8 39. Ba5 Qb2 40. g3 h4 41. g4 Qa1+ 42. Nd1 Nh7 43. Qc2 Ng5 44. Bc3 Nf3+ 45. Kh1 1-0

[Event "SK Tarrasch Muenchen 1-SK Weilheim 1"]
[Site "?"]
[Date "2024.02.04"]
[Round "5.5"]
[White "Gruber, Michael"]
[Black "Bolduan, Sebastian"]
[Result "1/2-1/2"]
[WhiteElo "2108"]
[BlackElo "2156"]
[PlyCount "40"]
[EventDate "2024.??.??"]
[WhiteTeam "SK Weilheim 1"]
[BlackTeam "SK Tarrasch München 1"]

1. e4 e6 2. d4 d5 3. Nd2 Nf6 4. e5 Nfd7 5. Bd3 c5 6. c3 Nc6 7. Ndf3 cxd4 8. cxd4 f6 9. exf6 Nxf6 10. Nh3 Bb4+ 11. Bd2 Qa5 12. a3 Bxd2+ 13. Qxd2 Qxd2+ 14. Kxd2 O-O 15. Rhe1 e5 16. dxe5 Ne4+ 17. Ke3 Nc5 18. Bb5 Bxh3 19. gxh3 Ne6 20. Bxc6 bxc6 1/2-1/2

[Event "SK Tarrasch Muenchen 1-SK Weilheim 1"]
[Site "?"]
[Date "2024.02.04"]
[Round "5.6"]
[White "Koester, Roman"]
[Black "Lochte, Thomas"]
[Result "1-0"]
[WhiteElo "2045"]
[BlackElo "1964"]
[PlyCount "85"]
[EventDate "2024.??.??"]
[WhiteTeam "SK Tarrasch München 1"]
[BlackTeam "SK Weilheim 1"]

1. d4 Nf6 2. Bf4 e6 3. e3 d5 4. c3 Bd6 5. Nd2 Bxf4 6. exf4 Qd6 7. g3 Nbd7 8. Ngf3 c5 9. Bd3 b6 10. O-O Bb7 11. Qe2 O-O 12. a3 Rfe8 13. Rfe1 a6 14. Ne5 Nf8 15. Rad1 cxd4 16. cxd4 N6d7 17. Qh5 Nxe5 18. fxe5 Qe7 19. f4 g6 20. Qh6 Nd7 21. Nf3 Qf8 22. Qh4 Qe7 23. Ng5 Nf8 24. Qh6 Rac8 25. Re3 f6 26. exf6 Qxf6 27. Re5 Re7 28. Nf3 Qg7 29. Qh4 Rec7 30. Rde1 Rc1 31. Kg2 R1c7 32. Qg4 Re8 33. h4 Bc8 34. h5 Rce7 35. hxg6 hxg6 36. Qh4 Qh7 37. Qg5 Bb7 38. Rh1 Qg7 39. Rh6 Kf7 40. Nh4 Nd7 41. Rxg6 Qh8 42. Rh6 Qg8 43. Qh5+ 1-0

[Event "SK Tarrasch Muenchen 1-SK Weilheim 1"]
[Site "?"]
[Date "2024.02.04"]
[Round "5.7"]
[White "Limmer, Marco"]
[Black "Herich, Manfred"]
[Result "1/2-1/2"]
[WhiteElo "1887"]
[BlackElo "2086"]
[PlyCount "38"]
[EventDate "2024.??.??"]
[WhiteTeam "SK Weilheim 1"]
[BlackTeam "SK Tarrasch München 1"]

1. e4 e5 2. Bc4 Nf6 3. d3 Bc5 4. Nf3 d6 5. O-O Bg4 6. c3 O-O 7. Nbd2 Nc6 8. Bb3 Qd7 9. Re1 Rae8 10. Nf1 h6 11. Ng3 Nh5 12. Nf1 Nf4 13. d4 Bb6 14. h3 Nxg2 15. hxg4 Qxg4 16. Nxe5 Qh5 17. Qf3 Qxf3 18. Nxf3 Nxe1 19. Nxe1 Rxe4 1/2-1/2

[Event "SK Tarrasch Muenchen 1-SK Weilheim 1"]
[Site "?"]
[Date "2024.02.04"]
[Round "5.8"]
[White "Lipinsky, Markus"]
[Black "Sindermann, Peter"]
[Result "0-1"]
[WhiteElo "1988"]
[BlackElo "1836"]
[PlyCount "120"]
[EventDate "2024.??.??"]
[WhiteTeam "SK Tarrasch München 1"]
[BlackTeam "SK Weilheim 1"]

1. d4 b5 2. e4 Bb7 3. Bxb5 Bxe4 4. Nf3 Nf6 5. O-O e6 6. c4 a6 7. Ba4 Be7 8. Nc3 O-O 9. Nxe4 Nxe4 10. Qe2 f5 11. c5 c6 12. Bc2 Nf6 13. a3 a5 14. Bd3 Qc8 15. Bd2 Na6 16. Bxa5 Nxc5 17. Bb4 Nxd3 18. Bxe7 Nf4 19. Qd2 N4d5 20. Bxf8 Qxf8 21. Qc2 Ne4 22. b4 Qb8 23. Rfb1 Nec3 24. Rb3 Na4 25. Ne5 Qa7 26. Qd2 h6 27. Rg3 Kh7 28. Rh3 Nab6 29. g4 Rf8 30. g5 Nc8 31. gxh6 g6 32. Kh1 Nce7 33. Rg1 Rg8 34. Nf3 f4 35. Ng5+ Kh8 36. Nf7+ Kh7 37. Ne5 Nf5 38. Nf3 Qc7 39. a4 Qb7 40. Ng5+ Kh8 41. Qe2 Qc7 42. b5 cxb5 43. axb5 Nxd4 44. Qb2 e5 45. h7 Rg7 46. Ra1 Qb7 47. Kg1 Nb6 48. Qa2 d5 49. Ra3 Rc7 50. Ra6 Qc8 51. Ra8 Nxa8 52. Qxa8 Nxb5 53. Qxc8+ Rxc8 54. Rb1 Nd6 55. Rb6 Ne4 56. Nf7+ Kxh7 57. Nxe5 g5 58. Kg2 Rc2 59. Rb7+ Kg8 60. Ng4 Rd2 0-1

[Event "SC NT Nuernberg 1-SC Groebenzell 1"]
[Site "?"]
[Date "2024.02.04"]
[Round "5.1"]
[White "Schuster, Karsten"]
[Black "Milov, Leonid"]
[Result "1/2-1/2"]
[WhiteElo "2305"]
[BlackElo "2427"]
[PlyCount "47"]
[EventDate "2024.??.??"]
[WhiteTeam "SC Gröbenzell 1"]
[BlackTeam "SC NT Nürnberg 1"]

1. d4 Nf6 2. c4 g6 3. Nc3 Bg7 4. e4 d6 5. Be2 O-O 6. Bg5 c5 7. d5 h6 8. Bf4 e6 9. dxe6 Bxe6 10. Qd2 Qb6 11. Nf3 g5 12. Bg3 Nc6 13. Rd1 Rad8 14. O-O Nh5 15. b3 Nxg3 16. hxg3 Ne7 17. Nh2 a6 18. f4 Qb4 19. Rc1 gxf4 20. gxf4 f5 21. Qd3 fxe4 22. Qxe4 Bf5 23. Qf3 Nc6 24. Bd3 1/2-1/2

[Event "SC NT Nuernberg 1-SC Groebenzell 1"]
[Site "?"]
[Date "2024.02.04"]
[Round "5.2"]
[White "Yelisieiev, Yevhenii"]
[Black "Hoy, Bernd"]
[Result "1-0"]
[WhiteElo "2387"]
[BlackElo "2187"]
[PlyCount "89"]
[EventDate "2024.??.??"]
[WhiteTeam "SC NT Nürnberg 1"]
[BlackTeam "SC Gröbenzell 1"]

1. Nf3 Nf6 2. d4 d5 3. c4 dxc4 4. e3 e6 5. Bxc4 a6 6. O-O b5 7. Bd3 Bb7 8. a4 b4 9. Qe2 c5 10. dxc5 Bxc5 11. e4 Nbd7 12. Nbd2 Qb8 13. Nc4 Ng4 14. Na5 h5 15. Nxb7 Qxb7 16. e5 Qc7 17. Bf4 Qa7 18. Rad1 Ke7 19. h3 Nxf2 20. Rxf2 Bxf2+ 21. Qxf2 Qxf2+ 22. Kxf2 Nc5 23. Nd4 Rac8 24. b3 Rhd8 25. Bc4 Nxa4 26. Bxa6 Nc3 27. Rd3 Rc5 28. Nxe6 Rxd3 29. Nxc5 Rd1 30. Nd3 Nd5 31. Bg5+ f6 32. exf6+ gxf6 33. Bh6 Kd6 34. Nxb4 Nc3 35. Bc4 Rb1 36. Nd3 f5 37. Bf4+ Kc6 38. b4 Ne4+ 39. Kf3 Rf1+ 40. Ke2 Rg1 41. b5+ Kd7 42. Ne1 Rh1 43. Be5 f4 44. Bxf4 Nc3+ 45. Kd3 1-0

[Event "SC NT Nuernberg 1-SC Groebenzell 1"]
[Site "?"]
[Date "2024.02.04"]
[Round "5.3"]
[White "Grawe, Christian"]
[Black "Hrebenshchykova, Yelyzaveta"]
[Result "0-1"]
[WhiteElo "2197"]
[BlackElo "2300"]
[PlyCount "92"]
[EventDate "2024.??.??"]
[WhiteTeam "SC Gröbenzell 1"]
[BlackTeam "SC NT Nürnberg 1"]

1. e4 e5 2. Nf3 Nc6 3. Bb5 a6 4. Ba4 Nf6 5. O-O Be7 6. Re1 b5 7. Bb3 d6 8. c3 O-O 9. h3 Re8 10. d4 Bb7 11. Ng5 Rf8 12. Nf3 Re8 13. Ng5 Rf8 14. Nf3 h6 15. Nbd2 Re8 16. Nf1 Bf8 17. Ng3 Na5 18. Bc2 Nc4 19. a4 exd4 20. cxd4 c5 21. b3 Nb6 22. a5 Nbd7 23. Bb2 cxd4 24. Bxd4 Rc8 25. b4 Ne5 26. Bb3 Nc4 27. Qd3 d5 28. exd5 Qxd5 29. Rxe8 Rxe8 30. Rd1 Bxb4 31. Qb1 Ne4 32. Be3 Nc3 33. Rxd5 Nxb1 34. Rd7 Bxf3 35. gxf3 Bxa5 36. Nf5 Bb4 37. Bd4 Nbd2 38. Bxc4 bxc4 39. Bxg7 Nxf3+ 40. Kg2 Nh4+ 41. Nxh4 Kxg7 42. Rc7 c3 43. Nf5+ Kg6 44. Ne3 a5 45. Nd5 Re5 46. Rc6+ Kf5 0-1

[Event "SC NT Nuernberg 1-SC Groebenzell 1"]
[Site "?"]
[Date "2024.02.04"]
[Round "5.4"]
[White "Kirchner, Thomas"]
[Black "Kempter, Ronald"]
[Result "1/2-1/2"]
[WhiteElo "2258"]
[BlackElo "2167"]
[PlyCount "51"]
[EventDate "2024.??.??"]
[WhiteTeam "SC NT Nürnberg 1"]
[BlackTeam "SC Gröbenzell 1"]

1. e4 e5 2. Nf3 Nc6 3. Bc4 Nf6 4. d3 h6 5. O-O Be7 6. Re1 d6 7. c3 O-O 8. Bb3 Nh7 9. h3 Ng5 10. Bxg5 Bxg5 11. Nbd2 Bxd2 12. Qxd2 Qf6 13. Re3 Be6 14. Rae1 Bxb3 15. axb3 Rad8 16. Qe2 a6 17. b4 Ne7 18. Nd2 Qe6 19. Kh2 Ng6 20. Rg3 Nf4 21. Qf3 c6 22. c4 f5 23. d4 Ng6 24. d5 cxd5 25. cxd5 Qf7 26. exf5 1/2-1/2

[Event "SC NT Nuernberg 1-SC Groebenzell 1"]
[Site "?"]
[Date "2024.02.04"]
[Round "5.5"]
[White "Pieper, Thomas"]
[Black "Promyshlyanskyy, Vitaliy"]
[Result "1-0"]
[WhiteElo "2156"]
[BlackElo "2259"]
[PlyCount "63"]
[EventDate "2024.??.??"]
[WhiteTeam "SC Gröbenzell 1"]
[BlackTeam "SC NT Nürnberg 1"]

1. e4 e5 2. Nf3 Nc6 3. Bc4 Nf6 4. d4 exd4 5. O-O Nxe4 6. Re1 d5 7. Bxd5 Qxd5 8. Nc3 Qh5 9. Nxe4 Be6 10. Bg5 Bd6 11. Nxd6+ cxd6 12. Bf4 Qd5 13. c3 Qf5 14. cxd4 O-O-O 15. Bg3 Bd5 16. Nh4 Qg5 17. Qd3 g6 18. b4 Nxb4 19. Qb5 Na6 20. Rac1+ Kb8 21. f4 Qh5 22. f5 Be6 23. Rb1 Bc8 24. Qxa6 Ka8 25. Qb5 Qg5 26. Rec1 Qe7 27. f6 Qd7 28. Qa5 Qg4 29. d5 Bd7 30. Rxb7 Qd4+ 31. Bf2 Rc8 32. Rxa7+ 1-0

[Event "SC NT Nuernberg 1-SC Groebenzell 1"]
[Site "?"]
[Date "2024.02.04"]
[Round "5.6"]
[White "Heimrath, Reiner"]
[Black "Golder, Waldemar"]
[Result "1-0"]
[WhiteElo "2163"]
[BlackElo "2029"]
[PlyCount "107"]
[EventDate "2024.??.??"]
[WhiteTeam "SC NT Nürnberg 1"]
[BlackTeam "SC Gröbenzell 1"]

1. e4 c6 2. Nc3 d5 3. Nf3 dxe4 4. Nxe4 Nf6 5. Ng3 c5 6. Bb5+ Bd7 7. a4 a6 8. Bc4 Bc6 9. Ne5 Bd5 10. Qe2 Bxc4 11. Nxc4 Nc6 12. Nf5 e6 13. d3 Nd4 14. Nxd4 cxd4 15. a5 Rc8 16. O-O Be7 17. Bg5 O-O 18. Bxf6 Bxf6 19. Qe4 Rc6 20. Ra3 Qd5 21. Re1 Rd8 22. Rb3 Rc7 23. Kf1 Qxe4 24. Rxe4 Rd5 25. Ke1 g6 26. Kd1 h5 27. Rb6 Rcd7 28. Rb4 Rc7 29. f4 Kf8 30. Kd2 Rdc5 31. Kc1 h4 32. Kb1 g5 33. fxg5 Rxg5 34. Re2 Ke7 35. Ka2 Rh5 36. h3 Rf5 37. Kb3 Kd7 38. Re4 Rg5 39. Re2 Rf5 40. Ka4 Ke7 41. Rb6 Rd5 42. b4 Rcd7 43. b5 axb5+ 44. Rxb5 Bg5 45. Ne5 Rxb5 46. Kxb5 Rc7 47. Kb6 Kd8 48. Re4 Kc8 49. Nc4 Rc6+ 50. Kb5 Bf6 51. Rf4 e5 52. Rf5 Re6 53. Nb6+ Kd8 54. Nd5 1-0

[Event "SC NT Nuernberg 1-SC Groebenzell 1"]
[Site "?"]
[Date "2024.02.04"]
[Round "5.7"]
[White "Scheckenbach, Franz"]
[Black "Kabatianski, Alexander"]
[Result "0-1"]
[WhiteElo "2015"]
[BlackElo "2269"]
[PlyCount "68"]
[EventDate "2024.??.??"]
[WhiteTeam "SC Gröbenzell 1"]
[BlackTeam "SC NT Nürnberg 1"]

1. e4 c5 2. Nf3 d6 3. d4 cxd4 4. Nxd4 Nf6 5. Nc3 a6 6. Bg5 e6 7. f4 Qc7 8. Qf3 b5 9. Bd3 Nbd7 10. O-O-O Bb7 11. Rhe1 Be7 12. Qg3 h6 13. Bxf6 gxf6 14. Qg7 Rf8 15. Kb1 Nb6 16. e5 fxe5 17. fxe5 O-O-O 18. exd6 Bxd6 19. g3 b4 20. Nce2 Be5 21. Qg4 Nd5 22. Nb3 Ne3 23. Qxb4 Nxd1 24. Rxd1 Rd6 25. Na5 Bd5 26. c4 Bf3 27. c5 Rxd3 28. Rxd3 Bxe2 29. Rd2 Bf3 30. c6 Rg8 31. Rd7 Be4+ 32. Qxe4 Qxa5 33. Ra7 Rd8 34. Ra8+ Bb8 0-1

[Event "SC NT Nuernberg 1-SC Groebenzell 1"]
[Site "?"]
[Date "2024.02.04"]
[Round "5.8"]
[White "Epding, Olaf"]
[Black "Seifert, Werner"]
[Result "1/2-1/2"]
[WhiteElo "2107"]
[BlackElo "1904"]
[PlyCount "70"]
[EventDate "2024.??.??"]
[WhiteTeam "SC NT Nürnberg 1"]
[BlackTeam "SC Gröbenzell 1"]

1. e4 e6 2. d4 d5 3. Nc3 Bb4 4. Nge2 dxe4 5. a3 Bxc3+ 6. Nxc3 Nc6 7. Bf4 Nf6 8. Qd2 Qxd4 9. Qxd4 Nxd4 10. O-O-O c5 11. Nb5 Nxb5 12. Bxb5+ Bd7 13. Bxd7+ Nxd7 14. Rhe1 O-O-O 15. Rxe4 b6 16. b4 Kb7 17. Bg3 Nf6 18. Rf4 cxb4 19. axb4 Rxd1+ 20. Kxd1 Rd8+ 21. Kc1 Rd7 22. Rf3 Ne4 23. Bf4 b5 24. Ra3 a6 25. f3 Nf6 26. Be5 Ne8 27. Re3 f6 28. Bg3 Re7 29. Rd3 e5 30. Kd2 Nc7 31. Rd6 Ne8 32. Rd8 Kc7 33. Ra8 Kb7 34. Rd8 Kc7 35. Ra8 Kb7 1/2-1/2

[Event "SF Augsburg 1-SC 1868 Bamberg 1"]
[Site "?"]
[Date "2024.02.04"]
[Round "5.1"]
[White "Pribyl, Josef"]
[Black "Djukic, Nikola"]
[Result "0-1"]
[WhiteElo "2206"]
[BlackElo "2511"]
[PlyCount "162"]
[EventDate "2024.??.??"]
[WhiteTeam "SC 1868 Bamberg 1"]
[BlackTeam "SF Augsburg 1"]

1. d4 Nf6 2. Nf3 g6 3. Bf4 d6 4. Nc3 Nh5 5. Bd2 Bg7 6. e4 O-O 7. h3 e5 8. Bg5 f6 9. Bc4+ Kh8 10. Be3 Nf4 11. Rh2 Nc6 12. Qd2 f5 13. dxe5 fxe4 14. Nxe4 d5 15. Bxf4 dxe4 16. Ng5 Qxd2+ 17. Bxd2 Bxe5 18. Rh1 Bxb2 19. Rb1 Bd4 20. Rf1 Nd8 21. Nxe4 Bf5 22. f3 b6 23. a4 Nf7 24. g4 Bd7 25. a5 Rae8 26. Kd1 Kg7 27. c3 Be5 28. axb6 cxb6 29. Ra1 a5 30. Kc2 Bc6 31. Rab1 Rb8 32. Bb5 Bd5 33. c4 Bxe4+ 34. fxe4 Nd6 35. Rxf8 Rxf8 36. Be3 Rf3 37. Bxb6 Rc3+ 38. Kd1 Rxh3 39. Bxa5 Nxe4 40. Ke2 Rg3 41. Bc6 Nc5 42. Bf3 Ne6 43. Rb7+ Kh6 44. Bd5 Nf4+ 45. Kf2 Nxd5 46. cxd5 Rxg4 47. Bd2+ g5 48. Re7 Bh2 49. Kf3 Rd4 50. Bxg5+ Kxg5 51. Rxh7 Bd6 52. Ke3 Rxd5 53. Ke4 Rd1 54. Rf7 Re1+ 55. Kd4 Be5+ 56. Kd5 Bf6 57. Rh7 Kf5 58. Rh2 Rd1+ 59. Kc5 Bd4+ 60. Kc4 Be3 61. Rh8 Bf4 62. Kc5 Ke4 63. Re8+ Be5 64. Kc4 Rc1+ 65. Kb3 Rc6 66. Re7 Kd4 67. Rd7+ Bd6 68. Rh7 Rc3+ 69. Kb2 Ba3+ 70. Ka2 Bc5 71. Kb2 Kc4 72. Rh2 Rb3+ 73. Kc2 Bd4 74. Rd2 Bc3 75. Rd8 Rb2+ 76. Kc1 Ra2 77. Kd1 Bd4 78. Ke1 Kd3 79. Kf1 Rf2+ 80. Ke1 Rf5 81. Rd6 Rg5 0-1